European Inland Fisheries Advisory Commission: Report of the symposium on Inland fisheries management and the aquatic environment: The effects of fisheries management on freshwater ecosystems, Windermere, United Kingdom, 12 - 15 June 2002 held in connection with the European Inland Fisheries Advisory Commission Twenty-second session, Windermere, United Kingdom, 12 - 19 June 2002
Сохранить в:
| Главный автор: | |
|---|---|
| Формат: | |
| Язык: | Undetermined |
| Опубликовано: |
Rome, Italy
FAO
2002
|
| Предметы: | |
| Метки: |
Добавить метку
Нет меток, Требуется 1-ая метка записи!
|
| Thư viện lưu trữ: | Trung tâm Học liệu Trường Đại học Cần Thơ |
|---|
| LEADER | 00772nam a2200181Ia 4500 | ||
|---|---|---|---|
| 001 | CTU_54189 | ||
| 008 | 210402s9999 xx 000 0 und d | ||
| 082 | |a 639 | ||
| 082 | |b R245 | ||
| 100 | |a FAO | ||
| 245 | 0 | |a European Inland Fisheries Advisory Commission: | |
| 245 | 0 | |b Report of the symposium on Inland fisheries management and the aquatic environment: The effects of fisheries management on freshwater ecosystems, Windermere, United Kingdom, 12 - 15 June 2002 held in connection with the European Inland Fisheries Advisory Commission Twenty-second session, Windermere, United Kingdom, 12 - 19 June 2002 | |
| 245 | 0 | |c FAO | |
| 260 | |a Rome, Italy | ||
| 260 | |b FAO | ||
| 260 | |c 2002 | ||
| 650 | |a fishery | ||
| 980 | |a Trung tâm Học liệu Trường Đại học Cần Thơ | ||